000 01110cam a22003613a 4500
001 14001474
003 OSt
005 20140310184501.0
008 050613s2004 nyua j 000 f eng d
010 _a 2005278076
020 _a0439633753
020 _a9780439633758
035 _a(OCoLC)ocm56980829
040 _aIF9
_cIF9
_dXY4
_dOCL
_dVP@
_dBAKER
_dDLC
050 0 0 _aPZ 7
_b.R686Is 2004
100 1 _aRodda, Emily.
_920594
245 1 0 _aIsle of the dead /
_cEmily Rodda.
250 _a1st American ed.
260 _aNew York :
_bScholastic Inc.,
_c2004.
300 _a195 p. :
_bill. ;
_c19 cm.
440 0 _aDragons of Deltora ;
_v03
_928637
521 _aG5
526 _c760
650 0 _aDragons
_vJuvenile fiction.
_928638
650 1 _aDragons
_vFiction.
_928639
650 1 _aScience Fiction.
650 1 _aFantasy.
_93293
650 1 _aMagic
_vFiction.
_928640
906 _a7
_bcbc
_ccopycat
_d3
_encip
_f20
_gy-gencatlg
942 _2lcc
_cBK-SCHOLAS
999 _c34736
_d34736